00397pam a2200145a 44500008004100000020002500041082001500066100002000081245006600101250001200167260003200179300001000211906001100221999001900232230405s2012 xxu||||| |||| 00| 0 eng d a935025557XcRs.895/- a618.2bJAC aJacob, Annamma  aComprehensive Textbook of Midwifery and Gynecological Nursing a3rd Ed. aNew DelhibJaypee Pubc2012 a993 p a000649 c249412d249412